000 01206nab a2200241 c 4500
001 768714001
003 CO-MdFUSB
005 20230111152938.0
008 211009b ck ||||| |||| 00| 0 spa d
022 _a1014-9341
040 _bspa
_cCO-MdFUSB
_dCO-MdFUSB
041 _aspa
100 _aSuazo J., David,
_eautor
245 _aApuntes para una educación teológica evangélica desde América Latina
_c/ David Suazo
300 _aNúmero 36 (Enero - Junio, 2005), páginas 99-108
_c; 21 cm
520 _aLa educación teológica latinoamericana debe responder a los retos de la globalización pero también hacer aportes a la educación teológica global. Debe tomar en serio el contexto en que los estudiantes ministran y ministrarán, y debe buscar la transformación de la persona, la iglesia y la sociedad.
650 0 _9984
_aEducación
650 0 _9691
_aTeología bíblica
_xEducación.
_zAmérica Latina
690 _aProtestantismo
773 0 _049489
_961224
_oR2147
_tKairós
_w(CO-MdFUSB)24
_x1014-9341
_gNúmero 36 (Enero - Junio, 2005), páginas 99-108
_qpágina 99
773 0 _049489
_981321
_tKairós
_gNúmero 36 (Enero - Junio, 2005), páginas 99-108
_qpágina 99
942 _cANA
999 _c66946
_d66946